000 00471nam a2200169Ia 4500
003 GCL
008 140319s9999 xx 000 0 ara d
040 _aGCL /
_cGCL
082 0 4 _aد
_b050
100 1 _aعبدالمحسن الخشاب
245 1 0 _aمذكرات ذرة ( اقرا 345 ) /
_cعبدالمحسن الخشاب
700 1 _aعبدالمحسن صالح
300 _a153
490 _aوثائق ونصوص
_v0
650 0 4 _aالذرات
942 _2ddc
_cCF
999 _c27185
_d27185